000 00279pab a2200121 454500
008 180718b xxu||||| |||| 00| 0 eng d
100 _aDang, Satya Pal
245 _aDevalued office of speaker
650 _a Speakers
650 _aLegislatures
773 _aPatriot
909 _a21819
999 _c21819
_d21819